ბათუმის შოთა რუსთაველის სახელმწიფო უნივერსიტეტის ბიბლიოთეკა

ქართველოლოგიური ძიებანი. [წ.] 1 (ბიბ.ჩანაწერი № 52917)

000 -LEADER
fixed length control field 00845nam a2200229Ia 4500
001 - CONTROL NUMBER
control field 19947
003 - CONTROL NUMBER IDENTIFIER
control field GE_BSU
008 - FIXED-LENGTH DATA ELEMENTS--GENERAL INFORMATION
fixed length control field 181216s||||||||xx |||||||||||||| ||und||
040 ## - CATALOGING SOURCE
Transcribing agency GE_BSU
080 ## - UNIVERSAL DECIMAL CLASSIFICATION NUMBER
Universal Decimal Classification number 811.353.1
100 ## - MAIN ENTRY--PERSONAL NAME
Personal name ჩანტლაძე, იზა
245 ## - TITLE STATEMENT
Title ქართველოლოგიური ძიებანი. [წ.] 1
245 ## - TITLE STATEMENT
Statement of responsibility, etc. რედ. ბ.გიგინეიშვილი. ზ. ჭუმბურიძე
260 ## - PUBLICATION, DISTRIBUTION, ETC.
Place of publication, distribution, etc. თბილისი
260 ## - PUBLICATION, DISTRIBUTION, ETC.
Name of publisher, distributor, etc. ქართული ენა
260 ## - PUBLICATION, DISTRIBUTION, ETC.
Date of publication, distribution, etc. 1998
300 ## - PHYSICAL DESCRIPTION
Extent 256 გვ.20სმ.
653 ## - INDEX TERM--UNCONTROLLED
Uncontrolled term ქართველოლოგიური ძიებანი
653 ## - INDEX TERM--UNCONTROLLED
Uncontrolled term ქართული კულტურა; ქართული ენა; ქართველოლოგია
942 ## - ADDED ENTRY ELEMENTS (KOHA)
Koha item type წიგნი
ეგზემპლარები
Withdrawn status Lost status Damaged status Not for loan Date acquired Barcode Date last seen Price effective from Koha item type
        2018-12-17 52480 2018-12-17 2018-12-17 წიგნი